Úradný vestník

Guardado en:
Detalles Bibliográficos
Formato: Seriadas
Lenguaje:eslovaco
Publicado: Bratislava Úrad Predsedníctva Sboru povereníkov
Etiquetas: Agregar Etiqueta
Sin Etiquetas, Sea el primero en etiquetar este registro!

MARC

LEADER 00000nas1a2200000 4500
001 s125129
005 20230714104635.8
041 0 |a slo 
044 |a SK 
245 1 0 |a Úradný vestník 
264 1 |a Bratislava  |b Úrad Predsedníctva Sboru povereníkov